000 00595nam a22002057a 4500
999 _c172469
_d172469
005 20200205163356.0
010 _aENG-127652
020 _a9789353433758
_c650.00
035 _aEN-111184
037 _bDBAD/PUB
082 _a551
100 _aBunnett,R.B
245 _aPhysical Geography in Diagrams/
_bby R.B. Bunnett
250 _a4th.
260 _aNoida
_bPearson
_c2019
270 _bNoida
_a15th floor,Tower-B,World Trade Tower,plot no.1,Block-c,sector 16
_e201301
300 _avarious pages
_b25cm(pbk)
500 _ainclude index
942 _2ddc
_cEN
_h551
_mBUN